000 00322nam a2200133Ia 4500
008 240624s9999 xx 000 0 und d
041 _aeng
082 _a823 BAJ
100 _aBAJAJ MANJUL
245 _aCOME BEFORE EVENING FALLS
260 _c2009
_aNew Delhi
_bHachette India
300 _a238 p.; 23 cm.
365 _cRS
999 _c30823
_d30823